000
00317nam a22001217a 4500
008
230703b xxu||||| |||| 00| 0 eng d
082
_a
342.2
_b
GRE 1975
245
_a
Governmental Institutions and Processes
260
_b
Addison-Wesley Publishing Company
_c
1975
300
_a
XIV,459p
440
_v
5
942
_2
ddc
_c
BK
999
_c
3524
_d
3524